| 000 -LEADER |
| fixed length control field |
01938cam a2200385 i 4500 |
| 001 - CONTROL NUMBER |
| control field |
22364147 |
| 005 - DATE AND TIME OF LATEST TRANSACTION |
| control field |
20251002154135.0 |
| 008 - FIXED-LENGTH DATA ELEMENTS--GENERAL INFORMATION |
| fixed length control field |
211228s2022 nyu b 001 0 eng |
| 010 ## - LIBRARY OF CONGRESS CONTROL NUMBER |
| LC control number |
2021053958 |
| 020 ## - INTERNATIONAL STANDARD BOOK NUMBER |
| International Standard Book Number |
9780593418215 |
| Qualifying information |
(hardcover) |
| 020 ## - INTERNATIONAL STANDARD BOOK NUMBER |
| Canceled/invalid ISBN |
9780593418222 |
| 035 ## - SYSTEM CONTROL NUMBER |
| System control number |
22364147 |
| 040 ## - CATALOGING SOURCE |
| Original cataloging agency |
DLC |
| Language of cataloging |
eng |
| Description conventions |
rda |
| Transcribing agency |
DLC |
| 042 ## - AUTHENTICATION CODE |
| Authentication code |
pcc |
| 050 00 - LIBRARY OF CONGRESS CALL NUMBER |
| Classification number |
HF5549.5.M5 |
| Item number |
S566 2022 |
| 082 00 - DEWEY DECIMAL CLASSIFICATION NUMBER |
| Classification number |
658.3008 |
| Edition number |
23 |
| Author Mark |
SIN |
| 100 1# - MAIN ENTRY--PERSONAL NAME |
| Personal name |
Singh, Deanna, |
| Relator term |
author. |
| 9 (RLIN) |
130811 |
| 245 10 - TITLE STATEMENT |
| Title |
Actions speak louder : |
| Remainder of title |
a step-by-step guide to becoming an inclusive workplace / |
| Statement of responsibility, etc. |
Deanna Singh. |
| 250 ## - EDITION STATEMENT |
| Edition statement |
First edition. |
| 264 #1 - PRODUCTION, PUBLICATION, DISTRIBUTION, MANUFACTURE, AND COPYRIGHT NOTICE |
| Place of production, publication, distribution, manufacture |
New York : |
| Name of producer, publisher, distributor, manufacturer |
Portfolio/Penguin, |
| Date of production, publication, distribution, manufacture, or copyright notice |
[2022] |
| 300 ## - PHYSICAL DESCRIPTION |
| Extent |
xxiii, 279 pages : |
| Dimensions |
25 cm |
| 336 ## - CONTENT TYPE |
| Content type term |
text |
| Content type code |
txt |
| Source |
rdacontent |
| 337 ## - MEDIA TYPE |
| Media type term |
unmediated |
| Media type code |
n |
| Source |
rdamedia |
| 338 ## - CARRIER TYPE |
| Carrier type term |
volume |
| Carrier type code |
nc |
| Source |
rdacarrier |
| 504 ## - BIBLIOGRAPHY, ETC. NOTE |
| Bibliography, etc. note |
Includes bibliographical references and index. |
| 520 ## - SUMMARY, ETC. |
| Summary, etc. |
"Actions Speak Louder is step-by-step guide for managers, DEI leaders, and individuals looking to creating diverse, equitable, and inclusive workplaces. DEI consultant Deanna Singh provides a blueprint for leaders and teams that includes step-by-step instructions for: gaining buy-in from stakeholders at all levels of the company for DEI initiatives; designing and implementing inclusive policies, from writing job advertisements to conducting performance reviews; and training DEI trainers"-- |
| Assigning source |
Provided by publisher. |
| 650 #0 - SUBJECT ADDED ENTRY--TOPICAL TERM |
| Topical term or geographic name entry element |
Diversity in the workplace. |
| 9 (RLIN) |
7566 |
| 650 #0 - SUBJECT ADDED ENTRY--TOPICAL TERM |
| Topical term or geographic name entry element |
Teams in the workplace. |
| 650 #0 - SUBJECT ADDED ENTRY--TOPICAL TERM |
| Topical term or geographic name entry element |
Organizational change. |
| 650 #0 - SUBJECT ADDED ENTRY--TOPICAL TERM |
| Topical term or geographic name entry element |
Leadership. |
| 776 08 - ADDITIONAL PHYSICAL FORM ENTRY |
| Relationship information |
Online version: |
| Main entry heading |
Singh, Deanna. |
| Title |
Actions speak louder |
| Edition |
First edition. |
| Place, publisher, and date of publication |
New York : Portfolio, 2022 |
| International Standard Book Number |
9780593418222 |
| Record control number |
(DLC) 2021053959 |
| 906 ## - LOCAL DATA ELEMENT F, LDF (RLIN) |
| a |
7 |
| b |
cbc |
| c |
orignew |
| d |
1 |
| e |
ecip |
| f |
20 |
| g |
y-gencatlg |
| 942 ## - ADDED ENTRY ELEMENTS (KOHA) |
| Source of classification or shelving scheme |
|
| Koha item type |
Book |